Využitie slovenských jaskýň v kúpeľnom cestovnom ruchu diplomová práca

Na minha lista:
Detalhes bibliográficos
Autor principal: Chladoňová, Daniela
Autor Corporativo: Obchodná fakulta EU. Katedra služieb a cestovného ruchu - zrušené
Outros Autores: Eliašová, Darina
Formato: Livro
Idioma:eslovaco
Publicado em: Bratislava 2012
Tags: Adicionar Tag
Sem tags, seja o primeiro a adicionar uma tag!

MARC

LEADER 00000nbm a2200000 4500
001 0159059
005 20161109102226.6
041 0 |a slo 
044 |a SK 
245 1 0 |a Využitie slovenských jaskýň v kúpeľnom cestovnom ruchu  |b diplomová práca  |c Daniela Chladoňová ; školiteľ: Darina Eliašová 
264 1 |a Bratislava  |c 2012 
300 |a 79 s. 
100 1 |a Chladoňová, Daniela 
700 1 |a Eliašová, Darina 
710 2 |a Obchodná fakulta EU. Katedra služieb a cestovného ruchu - zrušené